000 00786cam a2200217 4500
001 X105121
008 000000n2000 000 0 eng u
035 _a(Sirsi) u105121
245 _aHodge v Newport BC
260 _c2000
490 _aNew Property Cases
_v[2000]28 NPC 1-3(3)
520 _aCA 16 March 2000. A purchaser after the cut off date from a direct purchaser of a defective dwelling from the council has no rights against the council under Part 16 of the Housing Act 1985. Headnote from journal - No photocopying allowed.
650 _aHODGE V NEWPORT BC
650 _aHOUSING ACT 1985
650 _aHOUSING DEFECTS ACT 1984
650 _aCONVEYANCING
650 _aSTATUTORY DUTY OF CARE
650 _aNEGLIGENCE
690 _aHOUSING-CASE LAW
942 _n0
999 _c63041
_d63041